Suplemento al número 2 de la revista Et Caetera : dos poetas ingleses: Alfred, Lord Tennyson; Gerard Manley Hopkins /

José Manuel Gutiérrez Mora hace un análisis estructural de dos poemas: Al cruzar la barra (Crossing the Bar) de Alfred Tennyson y La noche estrellada (The Starlight Night) de Gerard Manley Hopkins.

Uloženo v:
Podrobná bibliografie
Hlavní autor: Gutiérrez Mora, José Manuel (estudio y tr.)
Médium: Kniha
Jazyk:španělština
Témata:
Tagy: Přidat tag
Žádné tagy, Buďte první, kdo vytvoří štítek k tomuto záznamu!

MARC

LEADER 00000nam^a2200000^a^4500
001 000161109
005 20250521000000.0
009 20260310100748.279
037 |a Acervo ITESO - Biblioteca 
041 |a ESP 
082 |a 805.  |b ETC 1950 V. 1 T. 2-sob 
100 |a Gutiérrez Mora, José Manuel  |e (estudio y tr.) 
240 1 1 |a [Et Caetera] 
245 1 0 |a Suplemento al número 2 de la revista Et Caetera :  |b dos poetas ingleses: Alfred, Lord Tennyson; Gerard Manley Hopkins /  |c Estudio y tr. por J.M. Gutiérrez Mora ; dir. de A. Navarro Sánchez. 
264 |a Guadalajara, México :  |b Et Caetera,  |c 1950 
300 |a 15 p. 
336 |a texto  |b txt  |2 rdacontenido 
337 |a sin mediación  |b n  |2 rdamedio 
338 |a volumen  |b nc  |2 rdasoporte 
520 |a José Manuel Gutiérrez Mora hace un análisis estructural de dos poemas: Al cruzar la barra (Crossing the Bar) de Alfred Tennyson y La noche estrellada (The Starlight Night) de Gerard Manley Hopkins. 
546 |a Edición bilingüe español-inglés 
649 |a XX 
650 |a Literatura Mexicana -  |x Publicaciones Periódicas 
650 |a Escritores Ingleses 
650 |a Poesía Inglesa 
650 |a Poesía Inglesa -  |x Historia y Crítica 
650 |a Literatura Inglesa -  |y Siglo XIX 
650 |a Literatura Inglesa -  |x Historia y Crítica 
650 |a Tennyson, Alfred 
650 |a Hopkins, Gerard Manley 
910 |a Fondo Salvador Reynoso Reynoso 
920 |a Impresos - Libros 
930 |a Fondos Especiales 
940 |a Literatura 
905 |a 112 
901 |a 0800016653  |b IT2  |c ESP  |u 20250521 
902 |a https://opac.biblio.iteso.mx/vufind/Record/000161109